Возможности и преимущества 3D печати; Молодежь и современные информационные технологии

Bibliografiske detaljer
Parent link:Молодежь и современные информационные технологии.— 2013.— [С. 439-442]
Hovedforfatter: Овчаров А. Э.
Andre forfattere: Косовских П. В., Гончаров В. И. Валерий Иванович
Summary:Заглавие с титульного экрана
Sprog:russisk
Udgivet: 2013
Serier:Компьютерная графика и дизайн
Fag:
Online adgang:http://earchive.tpu.ru/handle/11683/70324
http://www.lib.tpu.ru/fulltext/c/2013/C04/207.pdf
Format: MixedMaterials Electronisk Book Chapter
KOHA link:https://koha.lib.tpu.ru/cgi-bin/koha/opac-detail.pl?biblionumber=603940

MARC

LEADER 00000naa2a2200000 4500
001 603940
005 20260205104732.0
035 |a (RuTPU)RU\TPU\conf\1160 
035 |a RU\TPU\conf\1159 
090 |a 603940 
100 |a 20140211d2013 k y0rusy50 ca 
101 0 |a rus 
102 |a RU 
105 |a y z 101zy 
135 |a drnn ---uucaa 
181 0 |a i  
182 0 |a b 
200 1 |a Возможности и преимущества 3D печати  |f А. Э. Овчаров, П. В. Косовских, В. И. Гончаров 
203 |a Текст  |c электронный 
225 1 |a Компьютерная графика и дизайн 
300 |a Заглавие с титульного экрана 
320 |a [Библиогр.: с. 442 (3 назв.)] 
337 |a Adobe Reader 
463 1 |0 (RuTPU)RU\TPU\conf\515  |t Молодежь и современные информационные технологии  |o сборник трудов XI Международной научно-практической конференции студентов, аспирантов и молодых ученых, г. Томск, 13-16 ноября 2013 г.  |f Национальный исследовательский Томский политехнический университет (ТПУ) ; под ред. Е. А. Сикоры и др.  |v [С. 439-442]  |d 2013 
610 1 |a труды учёных ТПУ 
610 1 |a электронный ресурс 
610 1 |a 3D печать 
610 1 |a объемные модели 
610 1 |a трехмерные модели 
700 1 |a Овчаров  |b А. Э. 
701 1 |a Косовских  |b П. В. 
701 1 |a Гончаров  |b В. И.  |c радиотехник, специалист в области информатики и вычислительной техники  |c профессор Томского политехнического университета, доктор технических наук  |f 1937-  |g Валерий Иванович  |3 (RuTPU)RU\TPU\pers\21955  |9 9274 
801 2 |a RU  |b 63413507  |c 20220328  |g RCR 
856 4 |u http://earchive.tpu.ru/handle/11683/70324 
856 4 |u http://www.lib.tpu.ru/fulltext/c/2013/C04/207.pdf 
942 |c CF